Türk hukukunun AB hukukuna ve Avrupa Konvansiyonuna uyumu sorunu / (Record no. 200447487)

MARC details
000 -LEADER
fixed length control field 01340cam a2200349 i 4500
001 - CONTROL NUMBER
control field 39017
003 - CONTROL NUMBER IDENTIFIER
control field TR-AnTOB
005 - DATE AND TIME OF LATEST TRANSACTION
control field 20230726101739.0
007 - PHYSICAL DESCRIPTION FIXED FIELD--GENERAL INFORMATION
fixed length control field ta
008 - FIXED-LENGTH DATA ELEMENTS--GENERAL INFORMATION
fixed length control field 221602s2003 tu 000 0 tur d
020 ## - INTERNATIONAL STANDARD BOOK NUMBER
International Standard Book Number 9758593455
040 ## - CATALOGING SOURCE
Original cataloging agency TR-AnTOB
Language of cataloging eng
Description conventions rda
Transcribing agency TR-AnTOB
050 00 - LIBRARY OF CONGRESS CALL NUMBER
Classification number KKX2325
Item number .T45 2003
099 ## - LOCAL FREE-TEXT CALL NUMBER (OCLC)
Classification number EDC 340 TEK 2003
100 1# - MAIN ENTRY--PERSONAL NAME
Personal name Tekinalp, Ünal
Relator term author
9 (RLIN) 58006
245 10 - TITLE STATEMENT
Title Türk hukukunun AB hukukuna ve Avrupa Konvansiyonuna uyumu sorunu /
Statement of responsibility, etc. Ünal Tekinalp.
264 #1 - PRODUCTION, PUBLICATION, DISTRIBUTION, MANUFACTURE, AND COPYRIGHT NOTICE
Place of production, publication, distribution, manufacture Ankara :
Name of producer, publisher, distributor, manufacturer Türkiye Bilimler Akademisi,
Date of production, publication, distribution, manufacture, or copyright notice 2003.
300 ## - PHYSICAL DESCRIPTION
Extent 39 pages ;
Dimensions 20 cm
336 ## - CONTENT TYPE
Content type term text
Content type code txt
Source rdacontent
337 ## - MEDIA TYPE
Media type term unmediated
Media type code n
Source rdamedia
338 ## - CARRIER TYPE
Carrier type term volume
Carrier type code nc
Source rdacarrier
440 #0 - SERIES STATEMENT/ADDED ENTRY--TITLE
Title Türkiye Bilimler Akademisi Forumu ;
Volume/sequential designation sıra no. 20
650 07 - SUBJECT ADDED ENTRY--TOPICAL TERM
Topical term or geographic name entry element Uluslararası ve iç hukuk
Geographic subdivision Türkiye
Source of heading or term etuturkob
9 (RLIN) 60223
Topical term or geographic name entry element International and municipal law
Geographic subdivision Turkey
9 (RLIN) 65156
Topical term or geographic name entry element İdare hukuku
Geographic subdivision Türkiye
9 (RLIN) 10433
Source of heading or term etuturkob
Topical term or geographic name entry element Hukuk
Geographic subdivision Avrupa Ekonomik Topluluğu ülkeleri
Source of heading or term etuturkob
9 (RLIN) 23336
Topical term or geographic name entry element Law
Geographic subdivision European Economic Community countries
General subdivision International.
9 (RLIN) 23339
Topical term or geographic name entry element Anayasa hukuku
Geographic subdivision Avrupa Ekonomik Topluluğu ülkeleri
Source of heading or term etuturkob
9 (RLIN) 135564
Topical term or geographic name entry element Constitutional law
Geographic subdivision European Economic Community countries
9 (RLIN) 135562
942 ## - ADDED ENTRY ELEMENTS (KOHA)
Source of classification or shelving scheme Library of Congress Classification
Koha item type Book
Holdings
Withdrawn status Lost status Source of classification or shelving scheme Not for loan Collection code Home library Current library Shelving location Date acquired Source of acquisition Total Checkouts Full call number Date last seen Copy number Date shelved Koha item type Public note
    Other/Generic Classification Scheme Ödünç verilemez-İşlemde / Not for loan-In process TOBB Kütüphanesi Bağış Koleksiyonu - Klasik Merkez Kütüphane Merkez Kütüphane TOBB Bağışı Koleksiyonu / TOBB Gift Collection 01/07/2005 TOBB Devir / TOBB Transfer   EDC 340 TEK 2003 16/02/2022 1 16/02/2022 Book Donated by TOBB
Devinim Yazılım Eğitim Danışmanlık tarafından Koha'nın orjinal sürümü uyarlanarak geliştirilip kurulmuştur.